[Event "SCO-ch"]
[Site "Edinburgh"]
[Date "1999.07.23"]
[Round "8"]
[White "Rowson, Jonathan"]
[Black "Arakhamia Grant, Ketevan"]
[Result "1/2-1/2"]
[WhiteElo "2490"]
[BlackElo "2430"]
[Annotator "Rowson,J"]
[PlyCount "57"]
[EventDate "1999.07.16"]
[EventType "swiss"]
[EventRounds "9"]
[EventCountry "SCO"]
[SourceTitle "CBM 071 Extra"]
[Source "ChessBase"]
[SourceDate "1999.09.14"]
[SourceVersion "1"]
[SourceVersionDate "1999.09.14"]
[SourceQuality "1"]

1. e4 c5 2. Nf3 Nc6 3. Nc3 e6 4. d4 cxd4 5. Nxd4 d6 6. g3 {Before the game I
decided that I couldn't assume Keti would be happy to draw(I needed 1/2 for my
GM title) and since she is such a strong player I didn't want to risk playing
too passively in the opening. She plays so many different move orders in the
sicilian that I decided to try to learn one which I could use against(almost)
all of them; g3 fitted the bill nicely, despite the fact that I had never
played it before!.....At times like this NCO comes in very handy because it
tends to give a good and digestible synopsis of best play for both sides.} Nf6
7. Bg2 Bd7 8. O-O Be7 $5 (8... a6) 9. Ndb5 {Given an exclam by Gallagher in
NCO, but I'm not so sure.} Qb8 10. Bf4 (10. Bg5 a6 11. Bxf6 gxf6 12. Nd4 Nxd4
13. Qxd4 Qa7 {Black is absolutely fine here but so is White after} 14. Qd3 $1 {
Exchanging Queens tends to be bad in these structures because the bishops can
be unleashed without the Black king coming under fire. I guess it's a matter
of taste which side to prefer here, but I like my position more than I did in
the game.}) 10... Ne5 11. Bg5 {The idea of this bishop manouver is to prevent
the knights coming off on d4 in the following structure.} a6 12. Bxf6 gxf6 {
I had a scarey moment as Keti thought this one over; what if} (12... Bxf6 {
(?).....It looks like I am positionally obliged to sacrafice material again.}
13. Nxd6+ (13. Nd4 Qa7 $17) 13... Ke7 14. Nf5+ exf5 15. Nd5+ Ke8 16. exf5 {
That said, White's initiative does look rather enduring.}) 13. Nd4 Qc7 $5 (
13... Qa7 14. Kh1 {is given as slightly better for White in NCO.} (14. a4 $5 {
was suggested by former Scottish Champion Peter Jamieson in the post-mortem,
with the idea of discouraging queenside castling. The after} h5 15. h4 $1 {
when I think White is definitely not worse.})) (13... h5 $5) 14. Qh5 {I played
this knowing that it is normally a huge gain in such positions; in general it
is now difficult for Black to play actively due to the weakness of f7 and h7.
However, I was basing this largely on lines from the Najdorf or Rauzer where
White's king is on the Queenside and acts as my most efficient defender of b2!
Here by decentralising my Queen, I neglect the dark squares in the centre and
on the queenside, but what else can I play?} (14. Qe2 $5 Qb6 $5 (14... Qc4 15.
Qd2 Qb4 16. b3 Rc8 17. Nde2 h5 18. h4 {looks unclear. Playing b3 is not such a
positional disaster for White because later I can "shore up" with Nd1-e3.}) 15.
Nb3 {or} Rc8 $1 {With threats of ...Rxc3 and ...Nc4 looks slightly better for
Black, though} (15... O-O-O {looks about equal, though I prefer Black.}) 16.
Rab1 $5 {is an interesting way to deal with these problems, and it's good news
for White that Black can't castle queenside.} Rxc3 (16... Nc4 17. Nc1 $5 Nxb2
18. Nd1 $1) (16... O-O $5) 17. bxc3 Bb5 18. Nd4 Bxe2 19. Rxb6 Bxf1 20. Bxf1 $16
) 14... Nc4 $1 {If it were just a question of the b2 pawn this would be risky,
but in conjucntion with the threat of...Qc5 it is a very strong move indeed.}
15. Rfe1 $1 {Only move! There's no way to defend b2 passively even if I wanted
to. Now I woke up to the fact that the safest way to play for my GM title was
to play as sharply as possible!......I comforted myself with the aphormism:
"And the thing is.....if you risk nothing, you risk even more" and tried to
rediscover the youthful enthusiasm which led me to play in such a style en
route to the IM title.} Qc5 $1 {A good and slightly displeasing decision.} (
15... Nxb2 16. Nd5 $1 {is probably quite dangerous for Black. Over theses next
few moves there is a hidden maze of possibilities( a hidden maze?-that's quite
a predicament to find yourself in, especially if you are lost :-)).........I
have only a day to get organised before I go to the British so I'll have to
present a somehwat incomplete version of events. A full and conclusive
analysis would take a long time.} exd5 17. exd5 Nc4 18. Ne6 $1 Bxe6 19. dxe6
O-O-O 20. Rab1 b5 21. a4 $5 {(I. Swan)}) 16. Nf5 $1 {A big and difficult
decision. I guess this is the best move, and I knew that at the time. However,
not only is this sacrifice a little difficult to believe but given my
situation(which wasn't dominating my thoughts, though with the bulletin on my
board reading in bold:"IT NOW LOOKS ALMOST CERTAIN THAT IF JONATHAN ROWSON
MAKES 1 out of2 HE WILL BECOME SCOTLAND'S THIRD GRANDMASTER" and the assembled
crowd looking a little concerned, or confused, or both about my position, it
was hard to block it out completely. The most challenging piece of
interference came from the advice of friend and host for the tournament Alan
Minnican(many thanks to you and Ruth) who mentioned the knight(that was a slip,
I meant night) before the game something like the following: "You know
tommorow there will be a big crowd around your game because of all the weekend
events and everyone knows how close you are, so don't go showing off by
sacrificing a piece or something." Having convinced myself that I wasn't just
showing off, calculating enough to convince me of its viability and being put
off by the general smell of the alternative, I decided to play the best move;
all within about twenty minutes of thought.} (16. Qxc5 dxc5 17. Nde2 {was also
possible. Given that a draw from this game gives excellent chances to make the
title it was tempting just to try to equalise this slightly worse endgame. I
didn't see any particular problem at the time but it just felt bad; like I
might lose if I went this way. I had a strong hunch that Keti would find a
string of good moves and I would be struggling for the whole game. Indeed, in
the post-mortem Keti confirmed my intuition. When trying to subtly gauge
whether she might have taken a draw had I done this she just mentioned the
following and said in her inimicable way: "I think I have a good position",
which left me feeling somewhat relieved.} Bc6 $1 18. b3 Na3 $1 19. Rac1 O-O-O
$1 {Black's next move will be ...c4 or ...Rd2 followed by ...Bc5 and doubling
on the d-file; I would have come under very heavy pressure indeed.}) 16... exf5
(16... Nxb2 $5 {Now there is no big Ne6 hit but this does look a little
suspicious.} 17. Nd5 $5 {followed by Rb1-b7at some moment is probably at least
adequate for White; at least I think that's what we concluded at the time.})
17. exf5 (17. Nd5 f4 $1) 17... Ne5 (17... Qxf5 $5 {leaves White with a few
choices. I was attracted to the idea of:} 18. Rxe7+ (18. Qe2 Ne5 19. f4 {
was Keti's concern but by giving the piece back at a suitable moment Black is
probably not worse.}) (18. Qxf5 $1 {Is probably best.} Bxf5 19. Nd5 Be6 (19...
Ne5 20. Nc7+ Kd7 21. Nxa8 Rxa8 22. Bxb7 {is similar; I prefer White; there's
lots of scope and targets for the rooks.}) 20. Nc7+ Kd7 21. Nxa8 Rxa8 22. Bxb7
Rb8 23. Bxa6 Nxb2 24. a4 {is probably even a bit better for White.}) 18... Kxe7
19. Nd5+ Kd8 20. Qe2 Ne5 21. Qe3 $5 {which is very sneaky, but not fully
adequate after:} Rc8 22. Qb6+ Ke8 23. Qxd6 Qe6 24. Nxf6+ Kd8) 18. Nd5 Rc8 {
Of course there are alternatives, but it is likely that this move is best.} 19.
c3 $1 {I was very pleased with this move, because it suggests that I am in no
hurry to justify my sacrifice. A group of players from Polytechnic Chess Club
(Larry Kirk, Doug Finnie and Ian Swan) were trying hard to make sharper lines
(e.g with Qh6) work, but I quickly came to the conclusion that I although I
could win some material back this way, I would also activate Black's pieces.
It's quite correct to check these sharper lines in analysis, but over the
board it's good to be more practical; I was confident that I had full
positional compensation for the piece.} (19. Qh6 Bc6 20. Nxf6+ Kd8 21. Qg7 Bxf6
22. Qxf6+ Kc7) 19... Bc6 {Keti said she didn't like her position here. I
thought of offering a draw around now, but it seemed to me that Black had some
problems to solve. The compensation consists partly in material(one pawn and
will win at least one more), but the rest of the compensation is well
illustrated by Paul Motwani's Four S's: STRUCTURALLY I am much better-all
Black's four pawns from th d-h files are vulnerable whilst it's very difficult
to attack any of White's. I have more SPACE; apart from having one less piece
to find room for, my knight, queen and pawn on f5 exert a strong clamping
influence. My pieces have more SCOPE and are all working at near full capacity,
whilst Black has particular problems with his bishop on e7 and rook on h8. In
terms of SAFETY, I am also much better off because my king has excellent pawn
shield whilst Black will find it difficult to get the king out of the centre
and has to beware of timely sacrafices on e5and the long term threat of f4.
However, a piece is a piece and Keti plays the next few moves more accurately
than me.} 20. Rad1 Bxd5 21. Bxd5 Rc7 22. Kg2 $2 {Careless. I had assumed this
plan of f4 would be difficult to meet but I was insufficiently attenitve to
Keti's intentions. Had I noticed the immanence of the threat of ...Kd8-c8, I
would have directed my moves against this plan because once the king gets to
c8 I think the position is just unclear. It's particularly important for Black
that Qh6-g7 can be met by ...Rcc8 because if I win the h-pawn I will almsost
certainly come away with three pawns for the piece and a good position.} (22.
Re2 $5 Kd8 23. Qh6 Rc8 (23... Kc8 24. Qg7 Rd8 25. Qxh7 {Winning this pawn in
particular is very good news; I may be able to keep my queen in the vicinity
and push my h-pawn all the way to h8 and Black's f-pawns remain vulnerable.})
24. Bxb7 Rb8 25. Bd5 $1 (25. Bxa6 $2 Qc6 26. Rxe5 fxe5 27. Qg7 Kd7 28. Bf1 {
The position is not so clear; but a whole rook?}) 25... Kc7 26. Kg2 {and now
with two pawns and complete control I definitely prefer White.}) (22. Qh6 $2
Qxf2+ 23. Kxf2 Ng4+ 24. Kf3 Nxh6 25. g4 Rf8 26. g5 Ng8) 22... Kd8 23. Re4 (23.
Qh6 Qxf2+) 23... Kc8 24. f4 Nc6 25. Qh6 $5 {###DRAW AGREED###Now I realised I
has let it slip somewhat and since Black is not so badly coordinated I became
more aware that I was a piece down. Neither player felt Black was necessarily
better, because she remains very passive and it's difficult to exchange pieces,
but somehow things look better for Black than they did a few moves ago. Given
the tournamant situation, and that I no longer thought I was better, it seemed
a good moment to offer a draw.} (25. Bxf7 Kb8 26. Bd5 Bd8 $15) 25... Kb8 26.
Qg7 Rcc8 $1 27. Bxf7 Rcf8 28. Bd5 Bd8 29. Qd7 $5 $13 1/2-1/2

[Event "Redbus KO"]
[Site "Southend"]
[Date "2000.??.??"]
[Round "3.2"]
[White "Adams, Michael"]
[Black "Rowson, Jonathan"]
[Result "1/2-1/2"]
[WhiteElo "2715"]
[BlackElo "2499"]
[Annotator "Rowson,J"]
[PlyCount "43"]
[EventDate "2000.04.21"]
[EventType "k.o."]
[EventRounds "4"]
[EventCountry "ENG"]
[SourceTitle "CBM 076"]
[Source "ChessBase"]
[SourceDate "2000.05.31"]
[SourceVersion "1"]
[SourceVersionDate "2000.05.31"]
[SourceQuality "1"]

{[%mdl 12]} 1. e4 c5 2. Nf3 d6 3. d4 Nf6 4. Nc3 cxd4 5. Nxd4 a6 6. Be3 Nc6 7.
f3 e6 8. Qd2 Be7 9. O-O-O O-O 10. g4 Nxd4 11. Bxd4 b5 12. g5 Nd7 13. h4 b4 14.
Ne2 a5 15. Ng3 Qc7 16. Kb1 d5 17. f4 dxe4 18. Bg2 Rd8 19. Bxe4 Bb7 20. Qg2 Nc5
21. Bxc5 Bxe4 22. Nxe4 1/2-1/2

[Event "NED-ch"]
[Site "Amsterdam"]
[Date "2015.07.08"]
[Round "4"]
[White "Pruijssers, Roeland"]
[Black "Van Wely, Loek"]
[Result "0-1"]
[WhiteElo "2507"]
[BlackElo "2647"]
[Annotator "Schulz,Andre"]
[PlyCount "74"]
[EventDate "2015.07.05"]
[EventType "tourn"]
[EventRounds "7"]
[EventCountry "NED"]
[EventCategory "15"]
[SourceTitle "CBM 168"]
[Source "ChessBase"]
[SourceDate "2015.09.14"]
[SourceVersion "1"]
[SourceVersionDate "2015.09.14"]
[SourceQuality "1"]
[WhiteClock "0:00:58"]
[BlackClock "0:01:12"]

1. e4 c5 2. Nf3 e6 3. d4 cxd4 4. Nxd4 Nc6 5. Nc3 d6 6. Be3 Nf6 7. Qd2 Be7 8. f3
O-O 9. O-O-O a6 10. g4 Nd7 ({Die Hauptvariante ist} 10... Nxd4 11. Bxd4 b5 {
z. B.:} 12. g5 Nd7 13. h4 Bb7 14. a3 Rc8 15. Rg1 Ne5 16. Qe3 Nc4 17. Bxc4 Rxc4
18. h5 Re8 19. Kb1 Qc7 20. b3 Rc6 21. Nd5 exd5 22. exd5 Rxc2 23. g6 hxg6 24.
hxg6 Rf8 25. gxf7+ Rxf7 26. Bxg7 Rxg7 27. Qe6+ Kh8 28. Rxg7 Kxg7 29. Rg1+ {
1-0 (29) Ivanchuk,V (2729)-Van Wely,L (2647) Monte Carlo 2006}) 11. h4 Nde5 12.
Nxc6 ({Häufiger geschieht} 12. Qg2) ({oder} 12. Qf2) 12... bxc6 13. Be2 Rb8
14. h5 ({In einem bekannten Vorgänger geschah} 14. g5 d5 15. Ba7 Rb7 16. Bd4
Nd7 17. exd5 cxd5 18. f4 Qa5 19. Qe3 Nb8 20. f5 Nc6 21. f6 Nxd4 22. Rxd4 Bc5
23. fxg7 Rd8 24. Rhd1 Qb4 25. b3 e5 26. Qxe5 Qxc3 27. Rxd5 Qxe5 28. Rxe5 Ba3+
29. Kb1 Rxd1+ 30. Bxd1 Rd7 31. Bg4 Rd4 32. Bf3 Kxg7 33. h5 h6 34. gxh6+ Kxh6
35. Ra5 Bb4 36. Re5 f6 37. Re8 Bf5 38. Rh8+ Kg5 39. Rb8 Ba3 40. h6 Rd2 {
0-1 (40) Short, N (2630)-Kasparov,G (2750) Belfort 1988}) 14... Qa5 15. g5 d5
16. Qd4 {Hier kommt die Dame später ins Gedränge.} (16. Kb1 $5 Z0 {mit der
Drohung} 17. Nxd5) 16... Bd6 17. h6 (17. f4 $5 Rb4 18. Qd2 Nc4 19. Bxc4 Rxc4
$11) 17... c5 18. Qa4 Qb6 19. hxg7 Rd8 (19... Qxb2+ $6 20. Kd2 Rd8 $2 21. Rb1 {
mit Damenfang.}) 20. b3 (20. Qa3 d4 21. f4 Ng6 22. f5 Nf4 (22... exf5 23. Nd5)
23. g6 {mit wilder Stellung, aber offenbar besserern Chancen für Schwarz.})
20... d4 21. f4 dxe3 ({Weniger gut ist} 21... Ng6 22. e5 Be7 23. f5 exf5 24.
Nd5 {mit Gegenspiel.}) 22. fxe5 Bxe5 23. Qc4 Bd7 24. Bh5 Be8 {Droht stark Da5.}
25. Na4 Bxa4 26. Qxa4 Qc7 27. Rdf1 Rd7 28. Qc4 Bxg7 29. c3 (29. Rxf7 Rxf7 30.
Qxe6 {bringt nichts ein wegen:} Rd8 31. Rf1 e2 {und nach} 32. Qxf7+ Qxf7 33.
Bxf7+ Kf8 34. Re1 Rd1+ 35. Rxd1 exd1=Q+ 36. Kxd1 Kxf7 $19 {ist die Sache klar.}
) 29... Qe5 30. Kb1 Qxc3 31. Qxc3 Bxc3 32. Rh3 Bd4 33. Be2 a5 34. Rfh1 a4 35.
Bc4 (35. Rxh7 axb3 36. axb3 Rxb3+ 37. Kc2 Rc3+ 38. Kd1 Be5+ {und Weiß wird
Matt.}) 35... axb3 36. axb3 Ra8 37. b4 Ra4 0-1

[Event "FIDE Chess.com Grand Swiss"]
[Site "Douglas"]
[Date "2019.10.15"]
[Round "6"]
[White "Sethuraman, SP."]
[Black "Rodshtein, Maxim"]
[Result "1-0"]
[WhiteElo "2624"]
[BlackElo "2684"]
[Annotator "Sethuraman,SP"]
[PlyCount "99"]
[EventDate "2019.10.10"]
[EventType "swiss"]
[EventRounds "11"]
[EventCountry "IOM"]
[SourceTitle "CBM 193 Extra"]
[Source "ChessBase"]
[SourceDate "2020.01.31"]
[SourceVersion "1"]
[SourceVersionDate "2020.01.31"]
[SourceQuality "1"]

{[%evp 0,99,29,29,45,38,69,56,56,24,27,13,34,34,36,37,36,36,54,27,50,62,63,55,
61,81,97,97,102,102,96,88,109,91,84,94,89,94,106,97,71,70,70,50,104,109,110,
110,110,94,94,106,106,106,106,106,106,104,106,93,113,113,113,60,60,60,48,61,64,
55,84,84,116,90,130,119,162,194,224,224,224,217,233,233,244,256,309,274,267,
267,252,275,371,371,362,405,372,376,535,611,565,569] Firstly, I was very happy
to take part in one of the strongest Swiss events ever held in recent times.
Also, the conditions of the tournament and the organisation were top notch. So
there were two halls in the event, the top 34 boards in Hall 1 went with a
great scenic view, and Hall 2 where rest of the games happened was nice as
well, but it was kind of a normal one .So most of the people playing in Hall 2
badly wanted to promote to the other one :) And I was one among them after
starting the event badly with 0/2. I then recovered in round 3 and 4 with two
back to back wins. In the fifth round I made a draw against Gata Kamsky .So
this was the sixth round and it was crucial for me to move ahead and it was my
time to promote to Hall 1 :) where World Champion Carlsen and Co were playing .
} 1. e4 c5 2. Nf3 d6 3. d4 cxd4 4. Nxd4 Nf6 {I didnt really expect my opponent
to opt for a Sicilian that day, though from time to time he played a few games
with the Najdorf.} 5. f3 {This was one of the interesting sidelines to face
Najdorf apart from a few others, so I wanted to try this out for this game.}
Nc6 (5... e5 6. Nb3 d5 {is the principled and critical option for black}) 6.
Nc3 {Steering the game into a Classical Sicilian.} e6 {Funnily enough, I had
the same opening in Round 3 but with the black pieces against WGM Bulmaga
Irina. So I had briefly checked the critical options and the recent theory
after the game.} (6... e5 {is the mainline} 7. Nb3) 7. Be3 Be7 8. Qd2 a6 (8...
O-O {is the main alternative} 9. O-O-O (9. g4 d5) 9... d5 {and there a lot of
games here.}) 9. g4 h6 $6 {I was kind of shocked by this move as it clearly
weakens the king.} (9... O-O 10. O-O-O Nd7 {is one of the typical positions
where the race begins. White attacks on the kingside and black on the other
wing.}) 10. O-O-O $16 Nxd4 (10... d5 $6 11. exd5 Nxd5 12. Nf5 $16) 11. Qxd4 {
I thought capturing with the queen is better as after Black's b5 it stops b4
for the time being and Black has to spend one more move to support the idea.} (
11. Bxd4 {is better as well} b5 12. h4 $16) 11... Qc7 (11... b5 12. h4) 12. h4
b5 (12... e5 13. Qa4+ Bd7 14. Bb5 $16 {was my idea}) 13. Be2 e5 14. Qd2 Be6 (
14... b4 15. Nd5 Nxd5 16. exd5 a5 17. f4 $16) 15. g5 Nh5 16. Rdg1 Rc8 17. Nd5
Bxd5 18. exd5 g6 (18... Nf4 19. Bxf4 exf4 20. Bd3 hxg5 21. hxg5 Rxh1 22. Rxh1
$16) 19. gxh6 O-O (19... Nf4 20. Bxf4 exf4 21. Bd3 Rxh6 22. Qxf4 Rh5 23. c3 $18
) 20. Bd3 (20. f4 $1 {was killing:} Nxf4 (20... exf4 21. Bd4 $18) 21. Bxf4 exf4
22. Bd3 {and Black's position is just collapsing.}) 20... Kh7 21. Kb1 f5 22.
Qg2 Rg8 (22... Rf6 23. Bg5 {During the game I stopped here with the evaluation
that White is winning, but computer provides some breathtaking and
asthetically pleasing variations:} Rf7 24. Bxe7 Nf4 25. h5 $3 {is super cool!:)
} Nxg2 26. hxg6+ Kxg6 27. h7 $3 Rxe7 28. Rxg2+ Kf7 29. Rh5 $3 {Cornering the
king} Ree8 30. Rxf5+ Ke7 31. Rg7+ Kd8 32. Rxc7 Kxc7 33. Rf7+ Kb6 34. Bf5 $18)
23. Qh3 Rcf8 24. Rxg6 $1 Kxg6 (24... Rxg6 25. Bxf5 Rxf5 26. Qxf5 $18) 25. Qg4+
(25. Bxf5+ {I was trying to make it work for a long time, but then settled for
25.Qg4 which was simpler:} Rxf5 26. Qg4+ Bg5 27. hxg5 Qf7 28. Rxh5 Rxf3 (28...
Rh8 29. Rh1 $16) 29. h7 Rh8 30. Rh6+ Kg7 {I was not sure about this position
during the game, but the computer as always provides some classy stuff proving
that White is clearly winining:} 31. Rxd6 Rxe3 32. b3 $18 {and Black is simply
stuck with the vulnerable king.}) 25... Kh7 26. Bxf5+ Kh8 27. Qxh5 Bd8 28. Bg6
{Threatening h7.} Rf6 29. Be4 Qf7 30. Qxf7 Rxf7 31. a4 (31. b4 $18 {was much
better and easier.}) 31... bxa4 32. Ka2 Rb7 33. Rh2 $16 a5 34. c3 Rb3 35. Bc2
Rb7 36. Ka3 $1 (36. Bxa4 $6 Rg3) 36... Rg3 37. Be4 Bb6 38. Bg5 Rg1 39. Bf6+ Kg8
40. h7+ $18 Rxh7 41. Bxh7+ Kxh7 42. Kxa4 Rd1 43. c4 Rd3 44. Kb5 Rb3+ 45. Kc6
Bc5 46. Bd8 $1 a4 47. Bc7 Bd4 48. Bxd6 Bxb2 49. Rxb2 $1 Rxb2 50. Bc5 {I was
happy to be back with a bang with this victory after scoring 0/2 at the start
of event.} 1-0